000 00802nam a2200253 a 4500
001 000013725
005 20200929163326.0
008 091128s1990 sp 000 f spa d
020 _a8423318737
040 _aDO-SdBNP
_bspa
_cBNPHU
041 1 7 _aspa
_hglg
_2Código de idioma MARC
082 _aNNNN
_bR558i
100 1 _aRiera, Miquel Ángel,
_d1930-
_931165
240 1 0 _aIlla flaubert,
_lespañol
245 1 0 _aIsla flaubert /
_cMiquel Ángel Riera ; traductor, Basilio Losada.
260 _aBarcelona :
_bDestino,
_c1990.
300 _a239 p. ;
_c21 cm.
490 1 _aÁncora y Delfín
_v658
534 _pTítulo original en gallego:
_tIlla flaubert
586 _aPremio Josep Pla 1990
700 1 _aLosada Basilio,
_etr.
_912953
830 0 _aÁncora y Delfín ;
_v658
_95000
049 _aBNGR
999 _c13338
_d13338